01415nab a22002417a 4500003000400000005001700004008004100021040000700062100002400069245012000093260004200213300001300255500003600268505053400304505008900838650002000927650001400947650003000961650001500991650002801006700002501034773011401059OSt20260223121231.0190506c xxu||||| |||| 00| 0 spa d cPJ aMagnano, Marina G. 10aDepreciación monetaria y obligaciones laborales. El nuevo rol del juez /cMarina G. Magnano, Fernando D. Ramallo. aBuenos Aires :bAbeledoPerrot,c2024. ap. 15-24 aCita: TR LALEY AR/DOC/504/2024. aSumario: I. Introducción. Proceso inflacionario. Depreciación - desvalorización.— II. Deudas dinerarias vs. deudas de valor.— III. Deudas de valor, deudas dinerarias. Consecuencias de la clasificación. Nominalismo.— IV. Inflación. Respuestas de la doctrina y jurisprudencia.— V. Obligación laboral. Naturaleza jurídica.— VI. Nominalismo vs. incumplimiento contractual.— VII. Inflación y acreencias laborales. Tentativa de solución.— VIII. Fundamentos de la posición asumida.— IX. Conclusión. t¿Te interesa el texto completo? Comunicate al correo: koha@justierradelfuego.gov.ar 0aDERECHO LABORAL 0aINTERESES 0aACTUALIZACIÓN MONETARIA 0aANATOCISMO 0aASOCIACIONES SINDICALES aRamallo, Fernando D.0 02751dBuenos Aires : AbeledoPerrot, 2013-tRevista de derecho laboral y seguridad social. Nº 7 - Abril 2024